Statistiques concernant Cliquez sur la bonne ville de France

Cliquez ici pour prendre le quiz!

Statistiques générales

  • Ce quiz a été pris 847 fois
  • Le résultat moyen est 12 sur 21

Statistiques - réponses

HintRéponse% Correct
Est "sympa" en anglaisNice
92%
Est le siège du Parlement européenStrasbourg
90%
A le plus grand portMarseille
86%
S'appelait Lugdunum dans l'AntiquitéLyon
85%
Possède un club vainqueur de la Ligue des Champions UEFAMarseille
84%
Est un centre mondial de l'aéronautiqueToulouse
83%
Se trouve au plus proche du MansNantes
78%
Y est né le Ballon d'or 2022Lyon
61%
Est frontalière de la ville de BlagnacToulouse
61%
A pour emblème la violetteToulouse
58%
Est le lieu de confection de la rosetteLyon
55%
Jumelle de RomeParis
55%
A donné son nom à la capitale du VermontMontpellier
51%
"Dans les prisons de __, il y avait un prisonnier"Nantes
47%
Se situe le plus au nordParis
47%
Est la ville d'origine de Jules VerneNantes
39%
Est française depuis 1860Nice
39%
Est la moins peuplée des choix*Strasbourg
35%
A le plus d'heures d'ensoleillementMarseille
34%
Son blason est décoré d'un bateauParis
26%
A le plus petit revenu moyen**Montpellier
18%

Distribution des résultats

Percentile par nombre de réponses

% des personnes avec chaque résultat

Votre développement - résultats

Vous n’avez pas pris ce quiz